Top 25 nba point guards of all time - Statistics

General Stats
  • This quiz has been taken 180 times
  • The average score is 18 of 25
Answer Stats
Hint Answer % Correct
Warriors Stephen Curry
99%
Lakers Magic Johnson
96%
Lakers Jerry West
94%
Thunder Russell Westbrook
94%
Clippers Chris Paul
90%
Pistons Isiah Thomas
90%
Jazz John Stockton
90%
Suns Steve Nash
90%
76ers Allen Iverson
86%
Nets Jason Kidd
86%
Kings Oscar Robertson
85%
Spurs Tony Parker
85%
Trailblazers Damian Lillard
83%
Cavaliers Kyrie Irving
83%
SuperSonics Gary Payton
80%
Rockets James Harden
75%
Marericks Luka Doncic
74%
Bulls Derrick Rose
71%
Celtics Bob Cousy
68%
Knicks Walt Frazier
54%
Clippers Lou Williams
39%
Jazz Pete Maravich
35%
Kings Nate Archibald
32%
76ers Hal Greer
27%
Pistons Dave Bing
21%
No matching quizzes found
Score Distribution
Percent of People with Each Score
Percentile by Number Answered
Your Score History
You have not taken this quiz